| 000 -ლიდერი |
| ფიქსირებული სიგრძის საკონტროლო ველი |
01877nam a2200337Ia 4500 |
| 001 - საკონტროლო ნომერი |
| საკონტროლო ველი |
20612 |
| 003 - საკონტროლო ნომრის იდენტიფიკატორი |
| საკონტროლო ველი |
GE_BSU |
| 005 - ბოლო ოპერაციის თარიღი და დრო |
| საკონტროლო ველი |
20210225235523.0 |
| 008 - ფიქსირებული სიგრძის მონაცემთა ელემენტები - ზოგადი ინფორმაცია |
| ფიქსირებული სიგრძის საკონტროლო ველი |
181216s2006||||ge |||||||||||||| ||geo|| |
| 020 ## - წიგნის საერთაშორისო სტანდარტული ნომერი |
| International Standard Book Number |
9994075535 |
| 040 ## - კატალოგიზაციის წყარო |
| Transcribing agency |
GE_BSU |
| 041 ## - ენის კოდი |
| Language code of text/sound track or separate title |
geo |
| 080 ## - უნივერსალური ათობითი კლასიფიკაციის ინდექსი |
| Universal Decimal Classification number |
2(042.4) რ-40 |
| 245 ## - ცნობა სათაურის შესახებ |
| Title |
რელიგია, საზოგადოება და სახელმწიფო : |
| Remainder of title |
წაკითხულ ლექციათა მასალები / |
| Statement of responsibility, etc |
რედ. ლევან აბაშიძე. |
| 264 ## - წარმოების, გამოცემის, დისტრიბუციის და სხვა ცნობები |
| გამოცემის, წარმოების, დისტრიბუციის... ადგილი |
თბილისი : |
| გამოცემის, წარმოების, დისტრიბუციის... სახელწოდება |
ბიბლიურ-თეოლოგიური ინ-ტის გამ-ბა, |
| გამოცემის, წარმოების, დისტრიბუციის... თარიღი |
2005 [2006]. |
| 300 ## - ფიზიკური აღწერა |
| Extent |
164 გვ. ; |
| Dimensions |
20 სმ. |
| 653 ## - INDEX TERM--UNCONTROLLED |
| Uncontrolled term |
რელიგია |
| 653 ## - INDEX TERM--UNCONTROLLED |
| Uncontrolled term |
რელიგია და სახელმწიფო |
| 653 ## - INDEX TERM--UNCONTROLLED |
| Uncontrolled term |
ქრისტიანობა |
| 653 ## - INDEX TERM--UNCONTROLLED |
| Uncontrolled term |
ჰუმანიტარული ცნობიერება |
| 653 ## - INDEX TERM--UNCONTROLLED |
| Uncontrolled term |
რელიგიური შემწყნარებლობა |
| 653 ## - INDEX TERM--UNCONTROLLED |
| Uncontrolled term |
რელიგიური აღმსარებლობა |
| 653 ## - INDEX TERM--UNCONTROLLED |
| Uncontrolled term |
რუსეთის მართლმადიდებელი ეკლესია |
| 653 ## - INDEX TERM--UNCONTROLLED |
| Uncontrolled term |
რელიგიური კანონმდებლობა საქართველოში |
| 653 ## - INDEX TERM--UNCONTROLLED |
| Uncontrolled term |
რელიგია და არჩევნები უკრაინაში |
| 653 ## - INDEX TERM--UNCONTROLLED |
| Uncontrolled term |
რელიგია |
| 653 ## - INDEX TERM--UNCONTROLLED |
| Uncontrolled term |
საზოგადოება და სახელმწიფო |
| 700 ## - ADDED ENTRY--PERSONAL NAME |
| Personal name |
აბაშიძე, ლევან |
| Relator term |
რედაქტორი |
| 9 (RLIN) |
1268 |
| 710 ## - ADDED ENTRY--CORPORATE NAME |
| Corporate name or jurisdiction name as entry element |
ჰაინრიხ ბიოლის ფონდის სამხეთ კავკასიის რეგიონალური ბიურო |
| 9 (RLIN) |
10258 |
| 942 ## - ADDED ENTRY ELEMENTS (KOHA) |
| Koha item type |
წიგნი |
| Source of classification or shelving scheme |
|